Annotationes Philippi Melanchthonis in Euangeliũ Matthaei, iam recens in gratiam studiosorum editae

Bibliographic Details
Main Author: Melanchthon, Philipp, 1497-1560 (Author)
Other Authors: Petreius, Johann (Printer)
Format: Book
Language:Latin
PhysicalDescription:A8-Q8, R10 (138) nečíslovaných listov 8°
Subjects:

MARC

LEADER 00000nam a2200000 4500
001 vtls012007956
003 SK-MaSNL
005 20260301230352.0
008 251112s1523 gw 0 0n0 lat
015 |a SNBHFA1523 
040 |a SNKHF  |b slo  |c SNKHF  |e rda 
041 0 |a lat 
043 |a e-gw--- 
044 |a gw  |c DE 
072 7 |a 2-23/-27  |x Biblia. Biblistika  |2 konspekt 
080 |a 2-27  |2 2011 
100 1 |a Melanchthon, Philipp,  |d 1497-1560  |4 aut  |9 42142 
245 1 0 |a Annotationes Philippi Melanchthonis in Euangeliũ Matthaei, iam recens in gratiam studiosorum editae 
264 3 |a [Nürnberg  |b Johann Petreius]  |c Anno M.D.XXIII. (1523) 
300 |a A8-Q8, R10 (138) nečíslovaných listov  |c 8° 
336 |a text  |b txt  |2 rdacontent 
337 |a bez média  |b n  |2 rdamedia 
338 |a zväzok  |b nc  |2 rdacarrier 
500 |a Titulný list v portálovom ráme s ornamentálnou a figurálnou výzdobou, typografické ozdoby 
501 |a Príväzok 1. k: MELANCHTHON, Philipp. Annotationes Philippi Melanchthonis in Euangeliũ Matthaei. Nürnberg : Johann Petreius, 1523. 8°.  |5 SNK IE 10138 
510 4 |a VD16  |c M/ 2478 
546 |a Latinčina  |b Kurzíva  |b Antikva 
550 |a Impresoské údaje prevzaté z citovanej literatúry. 
561 |a Proveniencia: Z knižnice Učenej spoločnosti malohontskej.  |5 SNK IE 10138/prív.1 
650 0 7 |a Biblia  |2 SNKPH  |9 80871 
700 1 |a Petreius, Johann  |4 prt  |9 441763 
710 2 |a Učená spoločnosť malohontská  |4 fmo  |9 205374 
752 |a Nemecko  |d Norimberg 
852 |a snk  |b Historické fondy  |p IE 10138/prív.1 
958 |a DA 
958 |a ONDV 
999 |c 954530  |d 956460 
952 |t MHC 132, II.A.d.79  |a SNK  |b SNK  |c SNK_HF  |y PREZ  |7 0  |p 17A1396915  |o snkIE 10138/prív.1  |i snk2020/22084  |8 5  |0 0  |1 0  |4 0  |d 2020-12-08  |l 0  |r 2026-02-24 09:59:28  |w 2026-02-24